000 00760nam a2200193 i 4500
001 64107
003 ES-MaACL
005 20230906165037.0
007 t|
008 031222s1956 sp ||||1| spa d
100 1 _aFlagg Bemis, Samuel.
_951094
245 1 3 _aLa crisis de los filibusteros
_b: Abraham Lincoln y el proyectado compromiso Crittendem /
_ctrabajo leido por Samuel Flagg Bemis ; presentación del disertante por José Manuel Pérez Cabrera.
260 _aLa Habana :
_b[s.n.,
_c1956] (
_fImp. Siglo XX)
300 _a24 p. ;
_c24 cm.
500 _aPrecede al tit.: Academia de la Historia de Cuba.
700 1 _aPérez Cabrera, José Manuel.
_990691
710 2 _aAcademia de la Historia de Cuba.
_91183
852 _aES-MaACL
_j1976-F-12
_bR.40236
999 _c64107
_d64107